|
|
|
|
| LEADER |
00000nab a2200000 a 4500 |
| 001 |
vtls008939679 |
| 003 |
SK-MaSNL |
| 005 |
20260304172853.0 |
| 008 |
250526c2006 xo |||||||||||000 b|slo |
| 015 |
|
|
|a SNBRB2007/01
|2 snkbucl
|
| 035 |
|
|
|a (uuid)42d5c400-93b2-412e-8ab4-c007d85b6843
|
| 035 |
|
|
|a urn:nbn:sk:snk-abz8k
|
| 035 |
|
|
|a (urnnbn)urn:nbn:sk:snk:ar-005bmp
|
| 038 |
|
|
|a SNKBUCL
|
| 040 |
|
|
|a SNKBUCL
|b slo
|c SNKBUCL
|e AACR2
|
| 041 |
0 |
|
|a slo
|
| 044 |
|
|
|a xo
|c SK
|
| 080 |
|
|
|a 630*23
|x (437.6)
|2 1997
|
| 080 |
|
|
|a 630*4
|x (437.6)
|2 1997
|
| 100 |
1 |
|
|a Fillo, Ján
|4 aut
|9 5020
|
| 245 |
1 |
0 |
|a Les postavili opäť na nohy
|b od prírodnej katastrofy na Horehroní uplynulo 10 rokov-
|c Ján Fillo
|
| 300 |
|
|
|b Fotogr.
|
| 650 |
0 |
7 |
|a lesy
|2 snkbucl
|9 1437
|
| 650 |
0 |
7 |
|a lesné kalamity
|2 snkbucl
|9 29329
|
| 650 |
0 |
7 |
|a víchrice
|2 snkbucl
|9 31806
|
| 650 |
0 |
7 |
|a obnova lesa
|2 snkbucl
|9 100062
|
| 651 |
|
7 |
|a Horehronie (Slovensko : región)
|2 snkbucl
|9 165103
|
| 773 |
0 |
|
|t Les & Slovenské lesokruhy
|g Roč. 62/5, č. september - október (2006), s. 12
|x 1336-9237
|
| 850 |
|
|
|a Slovenská národná knižnica
|
| 852 |
|
|
|a Slovenská národná knižnica
|
| 954 |
|
|
|a odborná, vedecká literatúra pôvodná (slovenská)
|2 lita
|
| 958 |
|
|
|a ONDV
|
| 958 |
|
|
|a article2022
|
| 958 |
|
|
|a SK
|
| 999 |
|
|
|c 3000451
|d 3002381
|